Normal view
MARC view
- English Language - English Grammar
Entry Topical Term
001 - CONTROL NUMBER
- control field: 5841
003 - CONTROL NUMBER IDENTIFIER
- control field: JO-AjAnu
005 - DATE AND TIME OF LATEST TRANSACTION
- control field: 20230606071241.0
008 - FIXED-LENGTH DATA ELEMENTS
- fixed length control field: 230606|| aca||aabn | a|a d
040 ## - CATALOGING SOURCE
- Original cataloging agency: JO-AjAnu
- Transcribing agency: JO-AjAnu
150 ## - HEADING--TOPICAL TERM
- Topical term or geographic name entry element: English Language - English Grammar
670 ## - SOURCE DATA FOUND
- Source citation: Work cat.: (JO-AjAnu)3026: PURPURA, JAMES E , DIANE PINKLEY , author 5840, Scottforesman English On Target 1